| 000 | 01154cas a22002415 4500 | ||
|---|---|---|---|
| 001 | L147749 | ||
| 008 | 110214c2010 xxuqr ws s 0 a0eng u | ||
| 035 | _a(Sirsi) u147749 | ||
| 041 | 0 | _aeng | |
| 050 | _a333.33 $2 18 | ||
| 110 | 2 |
_aGrubb & Ellis _95905 |
|
| 245 | 0 | 0 |
_aLogistics Market Trends North America _h[electronic resource] |
| 260 |
_aSanta Ana _bGrubb & Ellis _c2010- |
||
| 362 | 0 | _aCurrent semi-annual issue only | |
| 490 | 0 |
_aLogistics Market Trends North America _vH1 2010- |
|
| 520 | _aFocuses on logistics property market conditions in the United States. Lists Class A logistics market vacancy and rental rates for over 50 cities. Presents key metrics of the US logistics market and analyses port container activity. Concludes with a spotlight on a particular regional logistics market. Tables. | ||
| 554 | _aTwo per year | ||
| 650 | 2 | 4 | _aGRUBB & ELLIS LOGISTICS MARKET TRENDS NORTH AMERICA |
| 651 | 4 |
_aUnited States _y1959- |
|
| 690 | _aPROPERTY-COMMERCIAL PROPERTY-COMMERCIAL PROPERTY MARKET | ||
| 856 | 4 | 8 |
_uhttps://www.grubb-ellis.com/Research/Reports.aspx _zView the report free of charge at www.grubb-ellis.com |
| 942 | _n0 | ||
| 999 |
_c119225 _d119225 |
||